BIP : boletin de informaciones petroleras /
Saved in:
| Other Authors: | |
|---|---|
| Format: | Journal |
| Language: | Multiple English |
| Published: |
Buenos Aires :
YPF,
|
| Subjects: |
| LEADER | 00642cas#a2200241#a#4500 | ||
|---|---|---|---|
| 001 | 016085 | ||
| 005 | 20160923115212.0 | ||
| 008 | 000714c1999####ag####p#############mul#d | ||
| 040 | |a AR-beUNQ | ||
| 041 | 0 | |a eng | |
| 099 | |a P-AR-BIP1 | ||
| 245 | 0 | 0 | |a BIP : boletin de informaciones petroleras / |c Alfonso Cortina. |
| 260 | |a Buenos Aires : |b YPF, | ||
| 300 | |a v. | ||
| 310 | |a trimestral | ||
| 650 | 7 | |a SECTOR INDUSTRIAL |2 Spines | |
| 650 | 7 | |a PETROLEO |2 Spines | |
| 650 | 7 | |a INDUSTRIA PETROLIFERA |2 Spines | |
| 651 | 7 | |a Argentina |2 Spines | |
| 700 | 1 | |a Cortina, Alfonso |e dir |4 drt | |
| 866 | 0 | |a 1999 16(59-60) | |
| 929 | |j 26683 | ||
| 999 | |c 26737 |d 109543 | ||